Voľba marketingu pre subjekty agrokomplexu v procese globalizácie

Globálny marketing a jeho význam. Pôsobenie globalizácie a uplatňovanie globálneho marketingu v agrokomplexe. Riziká a pozitíva globálneho marketingu a globalizácie pre agropotravinársky sektor SR.

Enregistré dans:
Détails bibliographiques
Auteur principal: Chebeň, Juraj
Format: Chapitre de livre
Langue:slovaque
Sujets:
Tags: Ajouter un tag
Pas de tags, Soyez le premier à ajouter un tag!

MARC

LEADER 00000naa$a2200000$$$4500
001 0013257
005 20240502110700.6
041 0 |a slo 
044 |a SK 
245 1 0 |a Voľba marketingu pre subjekty agrokomplexu v procese globalizácie  |c Juraj Chebeň 
520 |a Globálny marketing a jeho význam. Pôsobenie globalizácie a uplatňovanie globálneho marketingu v agrokomplexe. Riziká a pozitíva globálneho marketingu a globalizácie pre agropotravinársky sektor SR. 
610 2 0 |a globalizácia 
610 2 0 |a marketing globálny 
610 2 0 |a agrokomplex 
610 2 0 |a agropotravinárstvo 
610 2 0 |a poľnohospodárstvo 
610 2 0 |a spotrebitelia 
100 1 |a Chebeň, Juraj